The boy /

A British novel on a boy prostitute. He goes by several names and is greatly in demand because of his charm. But his future is threatened by his past. He ran away from a foster home after being implicated in the death of his foster siblings and their father is coming after him.

Bibliographic Details
Main Author: Murr, Naeem (Author)
Format: Book
Language:English
Published: Boston : Houghton Mifflin Co., 1998.
Subjects:
Online Access:Contributor biographical information
Publisher description

MARC

Tag First Indicator Second Indicator Subfields
LEADER 00000cam a2200000 a 4500
001 in00001685708
005 20221014152354.7
008 971107s1998 mau 000 f eng
010 |a  97049150  
020 |a 0395901065 
020 |a 9780395901069 
020 |a 9780395957905 
020 |a 0395957907 
029 1 |a AU@  |b 000013555821 
029 1 |a NZ1  |b 4839986 
029 1 |a YDXCP  |b 1459178 
035 |a (OCoLC)37955779 
040 |a DLC  |b eng  |c DLC  |d FIT  |d BAKER  |d BTCTA  |d YDXCP  |d OCLCQ  |d NED  |d OCLCQ  |d OCLCO  |d OCLCF  |d OCLCO  |d COF  |d TXMAR  |d OCLCQ  |d OCLCA  |d OCLCO  |d BRL  |d ZQP  |d OCLCO  |d DWP  |d OCLCO  |d CMI  |d OCLCO  |d TXHLS  |d OCLCO  |d OCL  |d OCLCO  |d TXA 
043 |a e-uk-en 
050 0 0 |a PR6063.U73624  |b B69 1998 
050 1 4 |a PS3563.U7637  |b B69 1998 
082 0 0 |a 813/.54  |2 21 
096 |a Murr, N. 
100 1 |a Murr, Naeem,  |e author. 
245 1 4 |a The boy /  |c Naeem Murr. 
264 1 |a Boston :  |b Houghton Mifflin Co.,  |c 1998. 
300 |a 214 pages ;  |c 22 cm 
336 |a text  |b txt  |2 rdacontent 
337 |a unmediated  |b n  |2 rdamedia 
338 |a volume  |b nc  |2 rdacarrier 
520 |a A British novel on a boy prostitute. He goes by several names and is greatly in demand because of his charm. But his future is threatened by his past. He ran away from a foster home after being implicated in the death of his foster siblings and their father is coming after him. 
500 |a The Cushing Library/Women & Gender Studies copy was acquired as part of The Don Kelly Research Collection of Gay Literature and Culture.  |5 TXA 
500 |a The Cushing Library/Women & Gender Studies copy is inscribed by the author. 
650 0 |a Impostors and imposture  |v Fiction. 
650 0 |a Foster parents  |v Fiction. 
650 0 |a Good and evil  |v Fiction. 
651 0 |a England  |v Fiction. 
650 0 |a Boys  |v Fiction. 
650 0 |a Male prostitutes  |v Fiction. 
651 1 |a England  |v Fiction. 
650 6 |a Familles d'accueil  |v Romans, nouvelles, etc. 
651 6 |a Angleterre  |v Romans, nouvelles, etc. 
650 6 |a Garçons  |v Romans, nouvelles, etc. 
650 7 |a Boys.  |2 fast  |0 (OCoLC)fst00837358 
650 7 |a Foster parents.  |2 fast  |0 (OCoLC)fst00933230 
650 7 |a Good and evil.  |2 fast  |0 (OCoLC)fst00944894 
650 7 |a Impostors and imposture.  |2 fast  |0 (OCoLC)fst00968230 
651 7 |a England.  |2 fast  |0 (OCoLC)fst01219920 
655 4 |a Psychological fiction. 
655 7 |a Erotic fiction.  |2 fast  |0 (OCoLC)fst01726601 
655 7 |a Fiction.  |2 fast  |0 (OCoLC)fst01423787 
655 7 |a Psychological fiction.  |2 fast  |0 (OCoLC)fst01726481 
655 7 |a Erotic fiction.  |2 gsafd 
655 7 |a Psychological fiction.  |2 lcgft 
655 7 |a Erotic fiction.  |2 lcgft 
856 4 2 |3 Contributor biographical information  |u http://catdir.loc.gov/catdir/enhancements/fy0736/97049150-b.html  |t 0 
856 4 2 |3 Publisher description  |u http://catdir.loc.gov/catdir/enhancements/fy0728/97049150-d.html  |t 0 
938 |a Baker & Taylor  |b BKTY  |c 22.00  |d 16.50  |i 0395901065  |n 0003090404  |s active 
938 |a Baker and Taylor  |b BTCP  |n 97049150 
938 |a YBP Library Services  |b YANK  |n 1459178 
948 |h HELD BY TXA - 239 OTHER HOLDINGS 
994 |a Z0  |b TXA 
999 f f |s e74d29f6-2f8b-3d9e-a08d-56629b9a79e3  |i 6a69def8-269a-3d08-8c21-de2f84f40829  |t 0 
952 f f |p noncirc  |a Texas A&M University  |b College Station  |c Cushing Memorial Library & Archives  |d Cushing: Women & Gender Studies (Does not check out)  |t 0  |e PR6063.U73624 B69 1998  |h Library of Congress classification  |i unmediated -- volume  |m A1485293796L 
952 f f |p normal  |a Texas A&M University  |b College Station  |c Sterling C. Evans Library  |d Evans: Library Stacks  |t 0  |e PR6063.U73624 B69 1998  |h Library of Congress classification  |i unmediated -- volume  |m A14829802523 
998 f f |a PR6063.U73624 B69 1998  |t 0  |l Cushing: Women & Gender Studies (Does not check out) 
998 f f |a PR6063.U73624 B69 1998  |t 0  |l Evans: Library Stacks